Statistics for Линия Яманотэ - Токио Япония

Click here to take the quiz!

General Stats

  • This quiz has been taken 14 times
    (13 since last reset)
  • The average score is 12 of 30

Answers on the Map

Answers color-coded by a green-red scale on the quiz's map according to % correct below.
 

Answer Stats

Answer% Correct
Токио
92%
Акихабара
54%
Канда
46%
Синагава
38%
Сугамо
38%
Окатимати
38%
Уэно
38%
Угуисудани
38%
Ниппори
38%
Ниси-Ниппори
38%
Табата
38%
Осаки
38%
Комагомэ
38%
Оцука
38%
Харадзюку
38%
Готанда
38%
Мэгуро
38%
Эбису
38%
Икэбукуро
38%
Сибуя
38%
Синдзюку
38%
Син-Окубо
38%
Такаданобаба
38%
Мэдзиро
38%
Ёёги
31%
Юракутё
31%
Симбаси
31%
Хамамацутё
31%
Тамати
31%
Таканава Гейтуэй
23%

Score Distribution

Percentile by Number Answered

Percent of People with Each Score

Your Score History

You have not taken this quiz since the last reset